Szczegóły MARC
| 000 -ETYKIETA REKORDU |
| podpole kontrolne o stałej długości |
01677nam a2200505 i 4500 |
| 001 - NUMER KONTROLNY REKORDU |
| pole kontrolne |
17526 |
| 003 - IDENTYFIKATOR NUMERU KONTROLNEGO REKORDU |
| podpole kontrolne |
KOSZ 005 |
| 005 - DATA OSTATNIEJ MODYFIKACJI REKORDU |
| podpole kontrolne |
20191028134640.0 |
| 008 - POLE O STAŁEJ DŁUGOŚCI - DANE KONTROLNE |
| podpole kontrolne o stałej długości |
021018s1977 pl a f |000 0 pol |
| 015 ## - NUMER BIBLIOGRAFII NARODOWEJ |
| Numer bibliografii narodowej |
PB 1977/11208 |
| 035 ## - NUMER SYSTEMOWY |
| Numer systemowy przejętego rekordu |
991019649679705066 |
| 035 ## - NUMER SYSTEMOWY |
| Numer systemowy przejętego rekordu |
(PL-WaBN)b15325593-48omnis_nlop |
| 035 ## - NUMER SYSTEMOWY |
| Numer systemowy przejętego rekordu |
b15325593 |
| 035 ## - NUMER SYSTEMOWY |
| Numer systemowy przejętego rekordu |
(OCoLC)830372443 |
| 035 ## - NUMER SYSTEMOWY |
| Numer systemowy przejętego rekordu |
(PL)b0000001532559 |
| 035 ## - NUMER SYSTEMOWY |
| Numer systemowy przejętego rekordu |
(EXLNZ-48OMNIS_NETWORK)9910386580405606 |
| 040 ## - ŹRÓDŁO KATALOGOWANIA |
| Instytucja, która sporządziła opis |
WA N |
| Instytucja, która utworzyła rekord |
WA N |
| Instytucja, która dokonała modyfikacji |
KOSZ 005/EG |
| 041 0# - KOD JĘZYKA |
| Kod języka tekstu |
pol |
| 046 ## - DATY KODOWANE |
| Pojedyncza data lub początek okresu powstania dzieła lub zbioru dzieł |
1977 |
| 080 ## - UNIWERSALNA KLASYFIKACJA DZIESIĘTNA - UKD |
| UKD |
628.2/.4 |
| 080 ## - UNIWERSALNA KLASYFIKACJA DZIESIĘTNA - UKD |
| UKD |
(075.3) |
| 100 1# - NAZWA OSOBOWA |
| Nazwa osobowa |
Sibiga, Jan |
| Określenie rodzaju współpracy |
Autor |
| 245 10 - TYTUŁ/ODPOWIEDZIALNOŚĆ |
| Tytuł |
Technologia oczyszczania miast / |
| Pozostałe elementy strefy tytułu i oznaczenia odpowiedzialności |
Jan Sibiga, Krzysztof Skalmowski. |
| 260 ## - STREFA ADRESU WYDAWNICZEGO |
| Miejsce wydania |
[Warszawa] : |
| Nazwa wydawcy/dystrybutora |
Wydawnictwa Szkolne i Pedagogiczne, |
| Data publikacji, dystrybucji/powstania dokumentu |
1977. |
| 300 ## - STREFA OPISU FIZYCZNEGO |
| Objętość |
279, [1] s. : |
| Inne cechy fizyczne |
il., tab., wykr. ; |
| Rozmiary |
21 cm. |
| 336 ## - TYP ZAWARTOŚCI |
| Źródło (terminu i kodu) |
rdacontent |
| Termin opisujący typ zawartości |
Tekst |
| Kod określający zawartość |
txt |
| 337 ## - TYP MEDIÓW |
| Źródło (terminu i kodu) |
rdamedia |
| Tryb odtwarzania |
Bez urządzenia pośredniczącego |
| Kod typu mediów |
n |
| 338 ## - TYP/RODZAJ NOŚNIKA |
| Źródło (terminu i kodu) |
rdacarrier |
| Hasło opisujące typ nośnika |
Wolumin |
| Kod typu nośnika |
nc |
| 380 ## - FORMA I TYP PUBLIKACJI |
| Forma i typ publikacji |
Książki |
| 380 ## - FORMA I TYP PUBLIKACJI |
| Forma i typ publikacji |
Publikacje dydaktyczne |
| 385 ## - ODBIORCA |
| Kategoria grupowa odbiorcy |
Poziom nauczania |
| Odbiorca |
Szkoły zawodowe |
| 388 ## - CZAS POWSTANIA |
| Czas powstania |
1901-2000 |
| 388 ## - CZAS POWSTANIA |
| Czas powstania |
1945-1989 |
| 504 ## - UWAGA DOTYCZĄCA BIBLIOGRAFII |
| Informacje o bibliografii |
Bibliogr. |
| 650 #7 - HASŁO PRZEDMIOTOWE W FORMIE NAZWY OGÓLNEJ LUB JEDNOSTKOWEJ |
| Nazwa ogólna lub geograficzna |
Oczyszczanie miasta |
| Źródło hasła lub terminu |
DBN |
| 650 #7 - HASŁO PRZEDMIOTOWE W FORMIE NAZWY OGÓLNEJ LUB JEDNOSTKOWEJ |
| Nazwa ogólna lub geograficzna |
Urządzenia |
| 650 #7 - HASŁO PRZEDMIOTOWE W FORMIE NAZWY OGÓLNEJ LUB JEDNOSTKOWEJ |
| Nazwa ogólna lub geograficzna |
Technika sanitarna |
| Źródło hasła lub terminu |
DBN |
| 655 #7 - TERMIN INDEKSOWY - OKREŚLENIE RODZAJU/FORMY DOKUMENTU |
| Określenie rodzaju/formy dokumentu |
Podręczniki dla szkół zawodowych |
| Źródło terminu |
DBN |
| 658 ## - TERMIN INDEKSOWY - PRZEDMIOT PROGRAMU NAUCZANIA |
| Główny przedmiot programu nauczania |
Inżynieria i technika |
| 700 1# - HASŁO DODATKOWE - NAZWA OSOBOWA |
| Nazwa osobowa |
Skalmowski, Krzysztof |
| Określenie związku między hasłem a opisywanym materiałem |
Autor |
| 710 2# - HASŁO DODATKOWE - NAZWA CIAŁA ZBIOROWEGO |
| Nazwa ciała zbiorowego lub jednostki geograficznej |
Wydawnictwa Szkolne i Pedagogiczne |
| Kod określenia powiązania |
pbl |
| 856 ## - LOKALIZACJA I DOSTĘP DO ELEKTRONICZNYCH DOKUMENTÓW ZDALNYCH |
| Link (URL) |
http://koha.tu.koszalin.pl/cgi-bin/koha/opac-detail.pl?biblionumber=17526 |
| Tekst linku |
Katalog online BPK |
| 942 ## - DODATKOWE ELEMENTY (KOHA) |
| Schemat klasyfikacji |
Uniwersalna Klasyfikacja Dziesiętna |
| Typ dokumentu |
Książka |